000 00393nam a22001337a 4500
020 _qPB.
040 _cFIZZA ISHAQ
082 _a690
_bFLE
100 _a Fleming ,Eric.
_932076
245 _aConstruction Technology: An Illustrated Introduction /
_cEric Fleming.
260 _aNEW YORK:
_b‎ Wiley-Blackwell,
_c2005.
300 _axii 386 p. ; ill
_c7.5 x 0.82 x 9.75 inches
942 _2ddc
_cBK
999 _c615701
_d615701